The hedgehog and the fox : an essay on Tolstoy's view of history /

Saved in:
Bibliographic Details
Main Author: Berlin, Isaiah, 1909-
Format: Book
Language:English
Published: London : Weidenfeld & Nicolson, 1967.
Subjects:
LEADER 01010nam a2200265 a 4500
001 c000376487
003 CARM
005 00000000000000.0
008 690113s1967 enk b 00100 eng
015 |a B68-16645 
019 1 |a 26308  |z 45900088  |z 23971149  |5 LACONCORD2021 
035 |a (OCoLC)465039  |5 LACONCORD2021 
050 1 |a PG3415.H5  |b B4 1967 
100 1 |a Berlin, Isaiah,  |d 1909- 
245 1 4 |a The hedgehog and the fox :  |b an essay on Tolstoy's view of history /  |c Isaiah Berlin. 
260 |a London :  |b Weidenfeld & Nicolson,  |c 1967. 
300 |a [7], 86 p. ;  |c 21 cm. 
500 |a Originally published in 1953. 
504 |a Bibliographical footnotes and index. 
600 1 0 |a Tolstoy, Leo,  |c graf,  |d 1828-1910, 
650 0 |a History  |x Philosophy. 
852 8 |b CARM  |h A1:AL26E0  |i B10124  |p 0449756  |f BK 
082 0 4 |a 891.73/3 
999 f f |i 3dffd742-026a-5553-a985-e08ae2a25770  |s 8aacb8dd-ab80-5849-b49e-0c4260aad5e8 
952 f f |p Can circulate  |a CAVAL  |b CAVAL  |c CAVAL  |d CARM 1 Store  |e B10124  |f A1:AL26E0  |h Other scheme  |i book  |m 0449756